The Laws of Libary Science (Record no. 90568)
[ view plain ]
| 000 -LEADER | |
|---|---|
| fixed length control field | 00531nam a2200205Ia 4500 |
| 008 - FIXED-LENGTH DATA ELEMENTS--GENERAL INFORMATION | |
| fixed length control field | 230125s9999 xx 000 0 und d |
| 020 ## - INTERNATIONAL STANDARD BOOK NUMBER | |
| International Standard Book Number | 978-81-7884-546-3 |
| 041 ## - LANGUAGE CODE | |
| Language code of text/sound track or separate title | eng |
| 082 ## - DEWEY DECIMAL CLASSIFICATION NUMBER | |
| Classification number | 020 |
| Item number | D''S |
| 100 ## - MAIN ENTRY--PERSONAL NAME | |
| Personal name | D'souza J |
| 9 (RLIN) | 113444 |
| 245 ## - TITLE STATEMENT | |
| Title | The Laws of Libary Science |
| 250 ## - EDITION STATEMENT | |
| Edition statement | 1st Ed. |
| 260 ## - PUBLICATION, DISTRIBUTION, ETC. (IMPRINT) | |
| Date of publication, distribution, etc. | 2010 |
| Name of publisher, distributor, etc. | Cyber tech publisher |
| Place of publication, distribution, etc. | New Delhi |
| 300 ## - PHYSICAL DESCRIPTION | |
| Extent | 304p |
| 500 ## - GENERAL NOTE | |
| Keywords | Laws of Library Science |
| 650 ## - SUBJECT ADDED ENTRY--TOPICAL TERM | |
| Topical term or geographic name as entry element | Library Science |
| 9 (RLIN) | 106840 |
| 700 ## - ADDED ENTRY--PERSONAL NAME | |
| Personal name | D'souza J |
| 9 (RLIN) | 113444 |
| 906 ## - LOCAL DATA ELEMENT F, LDF (RLIN) | |
| b | 212 |
| Withdrawn status | Lost status | Damaged status | Not for loan | Home library | Current library | Date acquired | Vendor | Cost, normal purchase price | Bill number | Full call number | Barcode | Date last seen | Cost, replacement price | Bill Date | Koha item type | Original Barcode |
|---|---|---|---|---|---|---|---|---|---|---|---|---|---|---|---|---|
| Reference | Smt. Hiraben Nanavati Institute of Management & Research for Women | Smt. Hiraben Nanavati Institute of Management & Research for Women | 16/04/2013 | Pritam Book Centre | 850.00 | 8452 | 020 DS B12012 | HIMR-BK-12012 | 25/01/2023 | 638.00 | 15/04/2013 | Books | B12012 |